Word Ladder: Jesus Feeds the 5000 - Statistics

General Stats
  • This quiz has been taken 11 times
  • The average score is 6 of 9
Answer Stats
Hint Answer % Correct
⋆ Catch of the day ⋆ ⋆ FISH ⋆/FISH
90%
Put cargo on LOAD
90%
Birthday desire WISH
80%
Feudal superior LORD
70%
Three men WISE
70%
“You have my ___” WORD
70%
Had on WORE
60%
Bug, informally WIRE
40%
⋆ Idle around ⋆ ⋆ LOAF ⋆/LOAF
30%
No matching quizzes found
Score Distribution
Percent of People with Each Score
Percentile by Number Answered
Your Score History
You have not taken this quiz